000 00716nam a2200217 4500
001 109918
003 ES-MaACL
005 20250824211724.0
007 t|
008 061121s1964 sp r ||||1| spa d
100 1 _aMoertzsch, Friedrich.
_981775
245 1 3 _aLa industria y el cine /
_cFriedrich Moertzsch ; traducción de Juan José de Bergareche.
260 _aMadrid :
_bRialp,
_c1964.
300 _a192 p., 4 lám. ;
_c19 cm.
490 1 _aLibros de cine Rialp.
_aSerie B ;
_v31
650 7 _aIndustria cinematográfica
_2embne
_9171023
710 2 _aBergareche, Juan José de.
_92163
830 1 0 _aLibros de cine Rialp
_v31
_9181163
852 _aES-MaACL
_jC-25493
999 _c109918
_d109918